Crop Improvement: (Record no. 615812)

000 -LEADER
fixed length control field 00326nam a22001097a 4500
040 ## - CATALOGING SOURCE
Transcribing agency ASAB
245 ## - TITLE STATEMENT
Title Crop Improvement:
Remainder of title New Approaches and Modern Techniques/
Statement of responsibility, etc. edit by Khalid Rehman Hakeem,Parvaiz Ahmad,Munir Ozturk.
250 ## - EDITION STATEMENT
Edition statement First Edition
260 ## - PUBLICATION, DISTRIBUTION, ETC.
Place of publication, distribution, etc. New York
Name of publisher, distributor, etc. Springer
Date of publication, distribution, etc. 2013
300 ## - PHYSICAL DESCRIPTION
Extent 493p.
942 ## - ADDED ENTRY ELEMENTS (KOHA)
Source of classification or shelving scheme
Koha item type Book
Holdings
Withdrawn status Lost status Source of classification or shelving scheme Damaged status Not for loan Permanent Location Current Location Date acquired Source of acquisition Total Checkouts Full call number Barcode Date last seen Price effective from Koha item type
          Atta-ur-Rahman School of Applied Biosciences (ASAB) Atta-ur-Rahman School of Applied Biosciences (ASAB) 01/12/2026 Donation   631.5 CRO 2013 3547 ASAB3547 01/12/2026 01/12/2026 Book
© 2023 Central Library, National University of Sciences and Technology. All Rights Reserved.